Harry Potter - Tiara przydziału - Statystyki

Ogólne statystyki
  • Ten quiz został rozwiązany 686 razy
  • Średni wynik to 15 z 24
Statystyki odpowiedzi
Hint Odpowiedź % Poprawnych
Hermione Granger Gryffindor
99%
Draco Malfoy Slytherin
98%
Oliver Wood Gryffindor
84%
Remus Lupin Gryffindor
83%
Luna Lovegood Ravenclaw
81%
Cedric Diggory Hufflepuff
80%
Sirius Black Gryffindor
79%
Newt Scamander Hufflepuff
76%
Colin Creevey Gryffindor
70%
Angelina Johnson Gryffindor
66%
Hannah Abbott Hufflepuff
63%
Alecto Carrow Slytherin
63%
Pansy Parkinson Slytherin
62%
Horace Slughorn Slytherin
61%
Parvati Patil Gryffindor
60%
Cormac McLaggen Gryffindor
53%
Susan Bones Hufflepuff
52%
Nymphadora Tonks Hufflepuff
48%
Penelope Clearwater Ravenclaw
48%
Sybill Trelawney Ravenclaw
47%
Padma Patil Ravenclaw
45%
Evan Rosier Slytherin
45%
Gilderoy Lockhart Ravenclaw
40%
Terry Boot Ravenclaw
31%
Nie znaleziono quizów pasujących do podanych kryteriów
Rozkład punktacji
Procent ludzi z każdym wynikiem
Percentyl według liczby udzielonych odpowiedzi
Twoja historia wyników
Nie rozwiązałeś tego quizu